Minecraft Mobs - Sudden Death - Statistics

General Stats
  • This quiz has been taken 20,536 times
    7,054 since last reset
  • The average score is 19 of 27
Answers on the Grid
Answers color-coded by a green-red scale on the quiz's grid according to % correct below.
Armadillo
Axolotl
Bee
Bone Serpent
Breeze
Chicken
Copper Golem
Crab
Creeper
Elephant
Ender Golem
Enderman
Endermite
Fairy
Fox
Frog
Ghast
Ghost
Giant Worm
Goat
Jellyfish
Magma Cube
Meerkat
Monkey
Mooshroom
Mule
Mummy
Penguin
Phantom
Piglin
Polar Bear
Scarecrow
Serpent
Shadow Brute
Shark
Shulker
Silverfish
Snow Golem
Turtle
Vex
Wandering Trader
Wasp
Wither
Wolf
 
Answer Stats
Answer % Correct
Axolotl
90%
Bee
90%
Chicken
87%
Creeper
86%
Armadillo
77%
Ghast
77%
Enderman
75%
Endermite
72%
Fox
71%
Copper Golem
70%
Magma Cube
70%
Silverfish
67%
Piglin
66%
Frog
65%
Breeze
64%
Mooshroom
64%
Phantom
64%
Wandering Trader
64%
Wither
64%
Wolf
64%
Goat
62%
Polar Bear
62%
Shulker
62%
Turtle
62%
Snow Golem
61%
Mule
58%
Vex
58%
No matching quizzes found
Score Distribution
Percent of People with Each Score
Percentile by Number Answered
Your Score History
You have not taken this quiz since the last reset